000 00832cam a22002413a 4500
001 39553
003 PGUSA
005 20140828083858.0
008 120428s2012||||xxu|||||s|||||000 | eng d
040 _aPGUSA
_beng
042 _adc
050 4 _aQB
100 1 _aBlass, Friedrich,
_d1843-1907
245 1 0 _aEiniges aus der Geschichte der Astronomie im Alterthum :
_bRede zur Feier des Geburtstags Sr. Maj. des Deutschen Kaisers Königs von Preussen Wilhelm I. gehalten an der Christian-Albrechts
_h[electronic resource] /
_cFriedrich Blass
260 _bProject Gutenberg,
_c2012
506 _aPublic domain in the USA.
516 _aElectronic text
653 _aAstronomy -- History
653 _aAstronomy, Ancient
830 0 _aProject Gutenberg
_v39553
856 4 0 _uhttp://www.gutenberg.org/ebooks/39553
942 _cEB
999 _c268806
_d268806